| 000 | 00395nam a22001457a 4500 | ||
|---|---|---|---|
| 003 | SGT | ||
| 082 |
_a617 _bS22C |
||
| 100 | _aCHANDRAKAR, SAURABH | ||
| 245 | _aA study to assess the risk factors and the outcomes of Gallbladder Perforation in Laparoscopic Cholecystectomy | ||
| 260 |
_aGURUGRAM _bSGT UNIVERSITY _c2022 |
||
| 300 | _a114 | ||
| 650 | _aSURGERY | ||
| 653 | _aM.S | ||
| 942 |
_2ddc _cTH |
||
| 999 |
_c26516 _d26516 |
||